000 00373nam a2200157Ia 4500
008 221030s9999 xx 000 0 und d
020 _a9380358178
041 _aEnglish
082 _a105.23
100 _aN. D. Bhatt
245 0 _aEngineering Drawing
_cby N. D. Bhatt
260 _bCharotar Pub.
_aGujarat
_c2010
300 _a712
650 _aMechanical
942 _cBK
999 _c10054
_d10054